|
|
|
|
| LEADER |
01123nam a2200337 a 4500 |
| 001 |
000041715 |
| 003 |
24645 |
| 005 |
20220725154019.0 |
| 008 |
171030s2006 |
| 020 |
|
|
|c 206000
|
| 040 |
|
|
|a LNN
|
| 082 |
0 |
|
|a 428.01
|b SH-P
|
| 100 |
1 |
|
|a Sharpe, Pamela J., Ph.D
|
| 245 |
0 |
0 |
|a Barron's how to prepare for the Toefl iBT : test of English as a foreign language Internet-based test /
|c Pamela J. Sharpe.
|
| 260 |
|
|
|b Nxb Trẻ,
|c 2006.
|
| 300 |
|
|
|a 765 tr. ;
|c 21 cm.
|
| 653 |
|
|
|a Tiếng anh -Ngoại ngữ
|
| 653 |
|
|
|a TOEFL - IELTS - TOEIC
|
| 653 |
|
|
|a Ngoại ngữ
|
| 653 |
|
|
|a Prepare for the Toefl test
|
| 700 |
|
|
|a Pamela J. Sharpe
|
| OWN |
|
|
|a LNN
|
| AVA |
|
|
|a UDN50
|b LNN
|c English
|d 428.01 SH-P
|e available
|t Error 5001 Not defined in file expand_doc_bib_avail.
|f 2
|g 0
|h N
|i 0
|j AN
|
| 999 |
|
|
|a From the UDN01
|
| AVA |
|
|
|a UDN50
|b LNN
|c English
|d 428.01 SH-P
|e available
|t Error 5001 Not defined in file expand_doc_bib_avail.
|f 2
|g 0
|h N
|i 0
|j AN
|
| TYP |
|
|
|a Monograph
|
| TYP |
|
|
|a Printed language
|
| 980 |
|
|
|a Mạng thư viện Đại học Đà Nẵng
|